000 00540nam a2200181Ia 4500
005 20250508151836.0
008 008 250505s9999 xx 000 0 hin d
037 _aTextual
040 _aFEDL
_beng
_cFEDL
041 _ahin
_2eng
084 _a371, DWA
_qFEDL
100 _aDwarika Singh
_9758554
245 0 _aBuniyadi shiksha me vibhinn vishyon ki shikshan - vidhi
260 _aPatna, India
_bMagad- Rajdhani- Prakashan
_c1956
650 _aTeaching Education
942 _cTEXL
_h371, DWA
999 _c1332455
_d1332455